Score 0/18 Timer 03:00
1 Play Today
Title Missing Word % Correct
Fifty _____ of GreyShades
97%
2001: A _____ OdysseySpace
93.9%
The _____ Also RisesSun
92.4%
Harry Potter and the Chamber of _____Secrets
91.2%
Chicken _____ for the SoulSoup
90.8%
The Old Man and the _____Sea
88.9%
_____ LittleStuart
81.7%
The Origin of _____Species
77.7%
The _____ and the FurySound
74%
Title Missing Word % Correct
Atlas _____Shrugged
73.6%
Common _____Sense
70.8%
The House of _____ GablesSeven
61.8%
The Old Curiosity _____Shop
59.8%
The _____ Who Came in from the ColdSpy
58.2%
_____ and LoversSons
55.9%
Pet _____Sematary
54.9%
A _____ in ScarletStudy
43.3%
A _____ of Swords Storm
23.2%

Today's Daily Dose

Missing Word
'T' Pairs

Word Ladder
Game Pieces

Get the Picture
Baseball Movies

Remove Ads.
Support Sporcle.
Get the best of Sporcle when you Go Orange. This ad-free experience offers more features, more stats, and more fun while also helping to support Sporcle. Thank you for becoming a member.

You're not logged in!

Compare scores with friends on all Sporcle quizzes.
OR
Log In

Show Comments

Extras

Top Quizzes Today


Score Distribution

Your Account Isn't Verified!

In order to create a playlist on Sporcle, you need to verify the email address you used during registration. Go to your Sporcle Settings to finish the process.

Report this User

Report this user for behavior that violates our Community Guidelines.

Details: